000 00750nam a2200289Ia 4500
005 20260324112410.0
008 008 260324s9999 xx 000 0 eng d
020 _a9781003307327
037 _aEBOOK
040 _aCRL
040 _beng
040 _cCRL
041 _2eng
041 _aeng
084 _qCRL
100 _aChristopher Wong Michaelson; Jennifer Tosti-Kharas
_91142534
245 4 _aThe Meaning and Purpose of Work
245 3 _bAn Interdisciplinary Framework for Considering What Work is For
260 _bTaylor and Francis
260 _c2024
365 _a
365 _b220
856 _uhttp://www.taylorfrancis.com/books/9781003307327
942 _cEBOOK
999 _c1731726
_d1731726